| 000 | 01047nam a2200313 i 4500 | ||
|---|---|---|---|
| 001 | ocm71284933 | ||
| 003 | EG-ScBUE | ||
| 005 | 20260405103008.0 | ||
| 008 | 060831s2007 enka f b 001 0 eng d | ||
| 020 | _a0750664290 (pbk.) | ||
| 020 | _a9780750664295 (pbk.) | ||
| 035 | _a(OCoLC)ocm71284933 | ||
| 040 |
_aUKM _beng _erda _cUKM _dBAKER _dBWKUK _dYDXCP |
||
| 082 | 0 | 4 |
_a720.0288 _222 _bCON |
| 245 | 0 | 0 |
_aConservation of ruins / _cedited by John Ashurst. |
| 250 | _aFirst edition. | ||
| 264 | 1 |
_aAbingdon, Oxon ; _aNew York : _bRoutledge, _c2007. |
|
| 300 |
_axli, 344 pages : _billustrations (some color) ; _c26 cm |
||
| 336 |
_2rdacontent _atext _btxt |
||
| 337 |
_2rdamedia _aunmediated _bn |
||
| 338 |
_2rdacarrier _avolume _bnc |
||
| 504 | _aIncludes bibliographical references and index. | ||
| 650 | 7 |
_aHistoric buildings _xConservation and restoration. _2BUEsh |
|
| 650 | 7 |
_aExcavations (Archaeology) _xProtection. _2BUEsh |
|
| 653 |
_cApril2026 _bART |
||
| 655 | _vReading book | ||
| 700 | 1 |
_aAshurst, John, _eeditor. |
|
| 942 |
_2ddc _cBB |
||
| 999 |
_c31155 _d31126 |
||